Annales minorum seu trium ordinum A. S. Francisco institutiorum anno MDLXIV usque ad annum MDLXXIV

Detalles Bibliográficos
Autor principal: ASCULANO, Cayetano y FERMENDZIN, Eusebio
Formato: Libro
Publicado: Florencia 1899
Materias:
Colección:Banco de datos
Acervo:Biblioteca del Ex Convento de Nuestra Señora de Guadalupe. Zacatecas
Descripción Física:t. XX
Tema general:Religiosos
Notas:Buena. VI,3,4(1743)
LEADER 00767nam a22002050004500
035 |a 39399 
036 |a 583 
100 1 |a ASCULANO, Cayetano y FERMENDZIN, Eusebio 
245 1 0 |a Annales minorum seu trium ordinum A. S. Francisco institutiorum anno MDLXIV usque ad annum MDLXXIV 
260 |a Florencia  |b tipografía Collegis Bonaventurae  |c 1899 
300 |a t. XX 
500 |a Buena. VI,3,4(1743) 
650 1 0 |a Religiosos 
949 |a CRZ-CG 
959 |a Ex convento de Nuestra Señora de Guadalupe, Museo Regional de Zacatecas, Zacatecas  |b CCC4 
960 |a Convento de Nuestra Señora de Guadalupe, Zacatecas  |b DD87 
961 |a Franciscana  |b OF 
942 |c CRZ-CG 
943 |g Biblioteca del Ex Convento de Nuestra Señora de Guadalupe. Zacatecas 
999 |c 963526  |d 963526